00928nam a2200277 a 450000100100000000500170001000800410002702000180006802000180008604100090010408200160011310000210012924501140015025000120026426000320027630000110030849000250031950000710034465000350041565000370045065000280048765000270051565000380054265000360058070000340061600007974620200120224333.0150714s2014 ck | e|| 000 f spa d a9789584232564 a97884080995740 a-spa04aJNbCLACLca1 aClare, Cassandra10aCazadores de sombras :bciudad de los ángeles caídos /cCassandra Clare : traducción de Isabel Murillo. a4a. ed. aBogotá :bPlaneta,c2014. a411 p.0 aLa Isla del Tiempo ; aTítulo original : The mortal instruments. City of fallen angels.14aNovela juvenil estadounidense.24aLiteratura juvenil estaunidense.24aMagia en la literatura.24aAmor en la literatura.24aLo sobrenatural en la literatura.24aDemonología en la literatura.1 aMurillo, Isabel,eTraductora.